Les coéquipiers français de Buffon - Statistiques

Statistiques générales
  • Ce quiz a été pris 72 fois
  • Le résultat moyen est 9 sur 30
Statistiques - réponses
Équipes Poste Temps de jeu ensemble (en minutes) Joueur % Correct
PSG Attaquant 1.224 Kylian Mbappé
88%
Parme & Juventus Défenseur 32.810 Lilian Thuram
86%
PSG Défenseur 1.356 Presnel Kimpembe
83%
PSG & Juventus Milieu 2.018 Adrien Rabiot
80%
Juventus Milieu 2.711 Blaise Matuidi
80%
Juventus Attaquant 17.407 David Trezeguet
80%
Juventus Milieu 12.274 Paul Pogba
74%
Juventus Défenseur 5.794 Patrice Evra
57%
Juventus Milieu 1.777 Patrick Vieira
42%
Juventus Attaquant 447 Kingsley Coman
38%
PSG Attaquant 682 Christopher Nkunku
35%
PSG Défenseur 405 Layvin Kurzawa
34%
PSG Défenseur 634 Colin Dagba
28%
Parme Milieu 4.912 Alain Boghossian
26%
PSG Attaquant 429 Moussa Diaby
23%
Juventus Attaquant 33 Nicolas Anelka
23%
PSG Milieu 134 Lassana Diarra
11%
PSG Défenseur 420 Stanley Nsoki
11%
Parme Milieu 2.328 Johan Micoud
6%
PSG Défenseur 90 Loïc Mbe Soh
6%
Parme Milieu 3.115 Sabri Lamouchi
6%
Juventus Défenseur 2.482 Jean-Alain Boumsong
5%
Parme Attaquant 417 Ange-Yoan Bonny
2%
PSG Milieu 187 Antoine Bernède
2%
Parme Milieu 1.301 Ousmane Dabo
2%
Juventus Attaquant 5 Vincent Péricard
2%
Parme Défenseur 1.299 Woyo Coulibaly
2%
Parme Milieu 11 Aliou Traoré
0%
Parme Milieu 132 Antoine Hainaut
0%
PSG Défenseur 90 Kévin Rimane
0%
Aucun quiz correspondant
Distribution des résultats
% des personnes avec chaque résultat
Percentile par nombre de réponses
Votre historique - résultats
Vous n’avez pas pris ce quiz